Statistics for Pic Quiz: famous people, first name starts with I or J

Click here to take the quiz!

General Stats

  • This quiz has been taken 26 times
  • The average score is 8 of 15

Answer Stats

Answer % Correct
John Lennon
92%
Janet Jackson
80%
John McCain
76%
Jodie Foster
72%
Jim Morrison
72%
John McEnroe
68%
John Kerry
68%
Indira Gandhi
64%
Janis Joplin
60%
Idris Elba
52%
Jon Voight
52%
Jayne Mansfield
28%
John Lydon
20%
Jessica Lange
12%
Jodie Whittaker
8%

Score Distribution

Percentile by Number Answered

Percent of People with Each Score

Your Score History

You have not taken this quiz